Arte y disidencia política: (Record no. 1606)

MARC details
000 -LEADER
campo de control de longitud fija 00895nam a2200145 4500
007 - CAMPO FIJO DE DESCRIPCIÓN FÍSICA--INFORMACIÓN GENERAL
campo de control de longitud fija 709.861 T147a
008 - DATOS DE LONGITUD FIJA--INFORMACIÓN GENERAL
campo de control de longitud fija 9789585767133
082 ## - NÚMERO DE LA CLASIFICACIÓN DECIMAL DEWEY
Número de clasificación 709.861
Número de ítem T147a
100 ## - ENTRADA PRINCIPAL--NOMBRE DE PERSONA
Nombre de persona Gutiérrez-Castañeda, David et al
9 (RLIN) 6652
245 ## - MENCIÓN DEL TÍTULO
Título Arte y disidencia política:
Resto del título memorias del Taller 4 Rojo
260 ## - PUBLICACIÓN, DISTRIBUCIÓN, ETC.
Lugar de publicación, distribución, etc. Colombia
Nombre del editor, distribuidor, etc. Taller Historia Crítica del Arte
Fecha de publicación, distribución, etc. 2016
300 ## - DESCRIPCIÓN FÍSICA
Extensión 548 p.
Otras características físicas ill (col)
Dimensiones 23 x 17 cm
505 ## - NOTA DE CONTENIDO CON FORMATO
Título Agradecimientos
-- Introducción
-- Siete tesis sobre el Taller 4 Rojo
-- (uno) Trayectorias
-- (dos) Fundaciones
-- (tres) Procesos - Activismos poético político
-- (cuatro) Los movimientos sociales y políticos
-- (cinco) La Universidad Nacional - La docencia
-- (seis) Disensos y disolución
-- Índice alfabético
-- Entrevista a: Carlos Granada, Diego Arango, Umberto Giangrandi, Jorge Mora, Fabio Rodríguez Amaya
650 ## - PUNTO DE ACCESO ADICIONAL DE MATERIA--TÉRMINO DE MATERIA
Subdivisión general Arte contemporáneo
-- Colombia
-- Crítica e interpretación
-- arte y política
9 (RLIN) 6653
Holdings
Estatus retirado Estado de pérdida Fuente del sistema de clasificación o colocación Estado de daño No para préstamo Biblioteca de origen Biblioteca actual Ubicación en estantería Fecha de adquisición Total de préstamos Signatura topográfica completa Código de barras Visto por última vez Precio de reemplazo Tipo de ítem Koha
    Clasificación Decimal Dewey     Biblioteca LadoV Biblioteca LadoV   06/09/2018   709.861 T147a 002285 06/09/2018 06/09/2018 Material 01